España en fin de siglo / (Record no. 166911)

MARC details
000 -LEADER
campo de control de longitud fija 01040nam a22002651i 4500
001 - NÚMERO DE CONTROL
campo de control 166911
003 - IDENTIFICADOR DE NÚMERO DE CONTROL
campo de control ES-MaACL
005 - FECHA Y HORA DE LA ÚLTIMA TRANSACCIÓN
campo de control 20250604062549.0
008 - DATOS DE LONGITUD FIJA--INFORMACIÓN GENERAL
campo de control de longitud fija 990412s1894 sp ac |||| |cspa d
040 ## - FUENTE DE CATALOGACIÓN
Centro catalogador/agencia de origen CAM
Lengua de catalogación spa
Centro/agencia transcriptor CAM
100 1# - ENTRADA PRINCIPAL--NOMBRE DE PERSONA
Nombre de persona Valero de Tornos, Juan.
9 (RLIN) 112667
245 10 - MENCIÓN DEL TÍTULO
Título España en fin de siglo /
Mención de responsabilidad, etc. por Juan Valero de Tornos ; con la colaboración "efectiva" de los primeros escritores ; fotograbados españoles de Luis Romea.
260 ## - PUBLICACIÓN, DISTRIBUCIÓN, ETC.
Lugar de publicación, distribución, etc. Madrid :
Nombre del editor, distribuidor, etc. Est. Tip. de "Sucesores de Rivadeneyra",
Fecha de publicación, distribución, etc. 1894.
300 ## - DESCRIPCIÓN FÍSICA
Extensión 1 v. (369 p.) :
Otras características físicas il., retr. ;
Dimensiones 32 cm.
500 ## - NOTA GENERAL
Nota general Índices.
505 8# - NOTA DE CONTENIDO CON FORMATO
Nota de contenido con formato Contiene: Tomo I
596 ## - NOTA AL PIE DE IMPRENTA
NOTA AL PIE DE IMPRENTA Editor, Luis Valero Martín.
597 ## - NOTA DE DESCRIPCIÓN FÍSICA
NOTA DE DESCRIPCIÓN FÍSICA En port.: Papel español de la Fábrica de Orusco.
650 04 - PUNTO DE ACCESO ADICIONAL DE MATERIA--TÉRMINO DE MATERIA
Término de materia o nombre geográfico como elemento de entrada Españoles-
Subdivisión cronológica S.XIX-
Subdivisión general Biografías.
9 (RLIN) 12478
651 #7 - PUNTO DE ACCESO ADICIONAL DE MATERIA--NOMBRE GEOGRÁFICO
Nombre geográfico España-
Subdivisión general Historia-
Subdivisión cronológica S.XIX
Fuente del encabezamiento o término
9 (RLIN) 142005
700 1# - ENTRADA AGREGADA--NOMBRE PERSONAL
Nombre de persona Romea, Luis.
9 (RLIN) 146638
700 1# - ENTRADA AGREGADA--NOMBRE PERSONAL
Nombre de persona Valero Martín, Luis.
9 (RLIN) 146639
852 ## - LOCALIZACIÓN
Ubicación ES-MaACL
Número de control de estantería G-5006
Nota libre . - Enc. cartoné
-- . - Legado M. de la Fuente
Holdings
Estatus retirado Estado de pérdida Estado de daño No para préstamo Colección Biblioteca de origen Biblioteca actual Ubicación en estantería Fecha de adquisición Fuente de adquisición Total de préstamos Signatura topográfica completa Código de barras Visto por última vez Precio de reemplazo Tipo de ítem Koha
        Libros del s. XIX Biblioteca del Ateneo de Madrid Biblioteca del Ateneo de Madrid Depósito 2 17/01/2008     G-5006 1175085 23/02/2023 23/02/2023 Libro impreso antiguo